000 00642nam a2200217Ia 4500
008 180523s9999 xx 000 0 und d
020 _a978-981-06-9952-9
050 _aMAIN HG 4011
050 _b.E38 2007
100 _aEiteman, David K.
245 0 _aIntroduction to multinational business finance /
245 0 _cDavid K. Eiteman, Arthur I. Stonehill, Michael H. Moffett.
250 _a11th Edition
260 _aSingapore :
260 _bPearson Education South Asia,
260 _c2007
300 _a746 pages :
300 _c23 cm.
500 _aIncludes index.
650 _xInternational business enterprise -- Finance.
999 _c357250
_d357250